Trono di Spade: personaggi con più screen time - Statistics

Statistiche generali
  • Questo quiz è stato fatto 235 volte
  • Il punteggio medio è 12 su 33
Statistiche sulle risposte
Minuti Personaggio % Corretto
338 Jon Snow
98%
224 Arya Stark
85%
239 Sansa Stark
83%
337 Tyrion Lannister
81%
276 Daenerys Targaryen
80%
236 Cersei Lannister
74%
99 Bran Stark
57%
100 Ned Stark
56%
199 Jaime Lannister
52%
77 Robb Stark
51%
78 Tywin Lannister
43%
70 Joffrey Baratheon
39%
143 Jorah Mormont
34%
94 Varys
33%
74 Stannis Baratheon
30%
136 Theon Greyjoy
30%
83 Catelyn Stark
24%
62 Missandei
24%
119 Petyr Baelish
24%
66 Ramsay Bolton
23%
144 Samwell Tarly
22%
69 Melisandre
20%
95 Sandor Clegane
20%
78 Margaery Tyrell
17%
75 Bronn
16%
110 Davos Seaworth
10%
51 Ygritte
10%
98 Brienne of Tarth
7%
47 Shae
6%
46 Daario Naharis
5%
55 Gilly
3%
45 Podrick Payne
3%
55 Tormund Giantsbane
1%
Nessun quiz corrispondente trovato
Distribuzione punteggi
Percentuale di utenti per punteggio
Percentile per numero di risposta
I tuoi punteggi nel tempo
Non hai fatto questo quiz